[Event "IECG QB.2003.0.00044 email"]
[Site "IECG email"]
[Date "2003.10.29"]
[Round "?"]
[White "Marjanovics, Gyorgy"]
[Black "Burlant, Richard"]
[Result "0-1"]
[WhiteElo "1974"]
[BlackElo "1975"]
[PlyCount "22"]
[EventDate "2003.10.29"]
[EventType "tourn (corr)"]
[EventRounds "6"]
[SourceTitle "Corr 2008"]
[Source "ChessBase"]
[SourceDate "2008.06.24"]
[SourceVersion "1"]
[SourceVersionDate "2008.06.24"]
[SourceQuality "1"]

1. e4 c5 2. Nf3 Nc6 3. d4 cxd4 4. Nxd4 Nf6 5. Nc3 d6 6. Bg5 e6 7. Qd2 a6 8. 0-0-0 h6 9. Bxf6 Qxf6 10. Na4 Qd8 11. Kb1 Be7 0-1

[Event "IECG QB.2003.0.00039 email"]
[Site "IECG email"]
[Date "2003.07.05"]
[Round "?"]
[White "Burlant, Richard"]
[Black "Hedoin, Cyril"]
[Result "0-1"]
[WhiteElo "1990"]
[BlackElo "1850"]
[PlyCount "74"]
[EventDate "2003.07.05"]
[EventType "tourn (corr)"]
[EventRounds "6"]
[SourceTitle "Corr 2008"]
[Source "ChessBase"]
[SourceDate "2008.06.24"]
[SourceVersion "1"]
[SourceVersionDate "2008.06.24"]
[SourceQuality "1"]

1. d4 Nf6 2. c4 g6 3. Nc3 Bg7 4. e4 d6 5. Nf3 0-0 6. Be2 e5 7. 0-0 Nc6 8. d5 Ne7 9. Ne1 Nd7 10. Nd3 f5 11. Bd2 Nf6 12. f3 f4 13. c5 g5 14. Rc1 Ng6 15. cxd6 cxd6 16. Nb5 Rf7 17. Qc2 Ne8 18. a4 h5 19. Nf2 Bd7 20. Qb3 Bf8 21. Na3 Rg7 22. Qxb7 Rb8 23. Qxa7 Rxb2 24. Nc4 Ra2 25. Ra1 Rxa1 26. Rxa1 g4 27. Qb6 Qh4 28. Nd1 g3 29. hxg3 fxg3 30. Kf1 Qh2 31. Qg1 h4 32. Nc3 Nf4 33. Bxf4 exf4 34. Bd3 h3 35. Ke2 Qxg2+ 36. Qxg2 hxg2 37. e5 dxe5 0-1

[Event "IECG QB.2003.0.00035 email"]
[Site "IECG email"]
[Date "2003.04.18"]
[Round "?"]
[White "Burlant, Richard"]
[Black "Ottaviani, Mauro"]
[Result "1/2-1/2"]
[WhiteElo "1968"]
[BlackElo "1928"]
[PlyCount "54"]
[EventDate "2003.04.18"]
[EventType "tourn (corr)"]
[EventRounds "6"]
[SourceTitle "Corr 2008"]
[Source "ChessBase"]
[SourceDate "2008.06.24"]
[SourceVersion "1"]
[SourceVersionDate "2008.06.24"]
[SourceQuality "1"]

1. e4 e5 2. Nf3 Nf6 3. Nxe5 d6 4. Nf3 Nxe4 5. d4 d5 6. Bd3 Bd6 7. 0-0 0-0 8. c4 c6 9. cxd5 cxd5 10. Nc3 Nxc3 11. bxc3 Bg4 12. Rb1 Nd7 13. h3 Bh5 14. Rxb7 Nb6 15. Ba6 Qe8 16. Qd3 Bg6 17. Qb5 Bf5 18. Qa5 Qc6 19. Ne5 Qa4 20. Qxa4 Nxa4 21. c4 Bxe5 22. dxe5 Nc5 23. Ba3 Nxb7 24. Bxf8 Rxf8 25. Bxb7 dxc4 26. Rc1 Be6 27. f4 Rb8 1/2-1/2

[Event "IECG QB.2003.0.00035 email"]
[Site "IECG email"]
[Date "2003.04.18"]
[Round "?"]
[White "Burlant, Richard"]
[Black "Puleston, Tim O"]
[Result "1-0"]
[WhiteElo "1968"]
[BlackElo "1924"]
[PlyCount "77"]
[EventDate "2003.04.18"]
[EventType "tourn (corr)"]
[EventRounds "6"]
[SourceTitle "Corr 2008"]
[Source "ChessBase"]
[SourceDate "2008.06.24"]
[SourceVersion "1"]
[SourceVersionDate "2008.06.24"]
[SourceQuality "1"]

1. Nf3 d5 2. g3 Nf6 3. Bg2 e6 4. 0-0 Bd6 5. d4 Nbd7 6. c4 dxc4 7. Nbd2 0-0 8. Nxc4 Nb6 9. Nxb6 axb6 10. Qc2 c5 11. Rd1 cxd4 12. Nxd4 Qe7 13. Nc6 Qc7 14. Qd3 Nd5 15. Nd4 Bc5 16. a3 Bd7 17. Bxd5 Bxd4 18. Be4 Ba4 19. Bxh7+ Kh8 20. Qxd4 Rfd8 21. Qh4 Rxd1+ 22. Kg2 Rxc1 23. Bc2+ Kg8 24. Qh7+ Kf8 25. Rxc1 Ra5 26. Qh8+ Ke7 27. Qh4+ g5 28. Qb4+ Qc5 29. Qd2 Bc6+ 30. f3 g4 31. Be4 gxf3+ 32. exf3 Qd6 33. Qe3 Bxe4 34. fxe4 Rc5 35. Rc3 Rxc3 36. Qxc3 Qd1 37. Qb4+ Kd7 38. Qb5+ Ke7 39. h4 1-0

[Event "IECG QB.2003.0.00035 email"]
[Site "IECG email"]
[Date "2003.04.18"]
[Round "?"]
[White "Fierry Fraillon, David"]
[Black "Burlant, Richard"]
[Result "1-0"]
[WhiteElo "1950"]
[BlackElo "1968"]
[PlyCount "61"]
[EventDate "2003.04.18"]
[EventType "tourn (corr)"]
[EventRounds "6"]
[SourceTitle "Corr 2008"]
[Source "ChessBase"]
[SourceDate "2008.06.24"]
[SourceVersion "1"]
[SourceVersionDate "2008.06.24"]
[SourceQuality "1"]

1. c4 e5 2. Nc3 Nf6 3. Nf3 Nc6 4. g3 d5 5. cxd5 Nxd5 6. Bg2 Nb6 7. 0-0 Be7 8. d3 0-0 9. Be3 Be6 10. Qc1 Nd5 11. Rd1 f5 12. Bg5 a6 13. Bxe7 Ndxe7 14. Ng5 Qd6 15. Nxe6 Qxe6 16. Na4 b6 17. e3 Rad8 18. Qc4 Qxc4 19. dxc4 e4 20. Nc3 Ne5 21. Bf1 Kf7 22. Kg2 c5 23. Be2 Ke6 24. a3 g5 25. b3 g4 26. Na4 Rxd1 27. Rxd1 Rb8 28. Nc3 h5 29. h4 Rc8 30. Rd2 Rg8 31. Na4 1-0

[Event "IECC M email"]
[Site "IECC email"]
[Date "2003.04.17"]
[Round "?"]
[White "Burlant, Richard"]
[Black "Nagley, Tim"]
[Result "1-0"]
[WhiteElo "2109"]
[BlackElo "2073"]
[PlyCount "103"]
[EventDate "2003.??.??"]
[EventType "tourn (corr)"]
[EventRounds "6"]
[SourceTitle "Corr 2008"]
[Source "ChessBase"]
[SourceDate "2008.06.24"]
[SourceVersion "1"]
[SourceVersionDate "2008.06.24"]
[SourceQuality "1"]

1. e4 e5 2. Nf3 Nc6 3. d4 exd4 4. Nxd4 Bc5 5. Be3 Qf6 6. c3 Nge7 7. Bc4 Ne5 8. Be2 Qg6 9. Nb5 Bxe3 10. Nxc7+ Kf8 11. fxe3 Rb8 12. 0-0 b6 13. Nd2 Bb7 14. Rf4 Qc6 15. Nb5 Qc5 16. Nd4 Re8 17. Qb3 f6 18. Rd1 N7g6 19. Rff1 Bc6 20. Qc2 Nf7 21. Rf5 Qe7 22. Rf2 Nd6 23. Nf5 Nxf5 24. exf5 Ne5 25. Nf1 h5 26. Rd4 h4 27. h3 Rh6 28. Rff4 g5 29. fxg6 Rxg6 30. e4 Rg5 31. Qd2 Qg7 32. Ne3 Kg8 33. Bc4+ Nxc4 34. Rxc4 Ree5 35. Nf5 Qg6 36. Nxh4 Qf7 37. Rd4 Qg7 38. Nf3 Rg6 39. Rd6 Re6 40. Rxe6 dxe6 41. Qd8+ Kh7 42. Rh4+ Rh6 43. Rxh6+ Kxh6 44. Qd6 Bd7 45. Qb8 Ba4 46. b3 Bc6 47. Nd4 Qd7 48. Qf8+ Kg6 49. Qg8+ Kh6 50. Qg4 Kh7 51. a4 a6 52. Nxe6 1-0

[Event "IECC CL2-2003.09 email"]
[Site "IECC email"]
[Date "2003.03.03"]
[Round "?"]
[White "Nagley, Tim"]
[Black "Burlant, Richard"]
[Result "1-0"]
[WhiteElo "2095"]
[BlackElo "2097"]
[PlyCount "39"]
[EventDate "2003.??.??"]
[EventType "tourn (corr)"]
[EventRounds "4"]
[SourceTitle "Corr 2008"]
[Source "ChessBase"]
[SourceDate "2008.06.24"]
[SourceVersion "1"]
[SourceVersionDate "2008.06.24"]
[SourceQuality "1"]

1. b3 e5 2. Bb2 Nc6 3. e3 Nf6 4. c4 d5 5. cxd5 Nxd5 6. a3 Bd6 7. Qc2 0-0 8. Nf3 Qe7 9. d3 Rd8 10. Nbd2 Bg4 11. Be2 Rd7 12. h3 Bh5 13. g4 Bg6 14. h4 h6 15. Ne4 Qe6 16. g5 h5 17. Ng3 Qg4 18. Nxe5 Nxe5 19. Bxg4 Nxg4 20. Rh3 1-0

[Event "IECG QB.2003.0.00032 email"]
[Site "IECG email"]
[Date "2003.02.27"]
[Round "?"]
[White "Burlant, Richard"]
[Black "Newton, Hobart E"]
[Result "1-0"]
[WhiteElo "1968"]
[BlackElo "1880"]
[PlyCount "47"]
[EventDate "2003.02.27"]
[EventType "tourn (corr)"]
[EventRounds "6"]
[SourceTitle "Corr 2008"]
[Source "ChessBase"]
[SourceDate "2008.06.24"]
[SourceVersion "1"]
[SourceVersionDate "2008.06.24"]
[SourceQuality "1"]

1. e4 c5 2. Nc3 Nc6 3. g3 g6 4. d3 Bg7 5. Bg2 d6 6. Nge2 e6 7. 0-0 h5 8. h3 b6 9. Be3 Nge7 10. Qd2 0-0 11. Bh6 Ba6 12. Bxg7 Kxg7 13. f4 Rc8 14. Rae1 Re8 15. Rf2 Kh7 16. a3 Qd7 17. f5 exf5 18. exf5 Nxf5 19. Ne4 Kg7 20. Qg5 Ncd4 21. Nf4 Re5 22. Nxh5+ Kf8 23. g4 Qd8 24. Nhf6 1-0

[Event "IECG QB.2003.0.00032 email"]
[Site "IECG email"]
[Date "2003.02.27"]
[Round "?"]
[White "Newton, Hobart E"]
[Black "Burlant, Richard"]
[Result "1-0"]
[WhiteElo "1880"]
[BlackElo "1968"]
[PlyCount "133"]
[EventDate "2003.02.27"]
[EventType "tourn (corr)"]
[EventRounds "6"]
[SourceTitle "Corr 2008"]
[Source "ChessBase"]
[SourceDate "2008.06.24"]
[SourceVersion "1"]
[SourceVersionDate "2008.06.24"]
[SourceQuality "1"]

1. d4 Nf6 2. c4 e6 3. Nf3 b6 4. g3 Bb4+ 5. Bd2 Bxd2+ 6. Qxd2 Ba6 7. b3 c6 8. Bg2 d5 9. 0-0 0-0 10. cxd5 Ne4 11. Qb2 exd5 12. Rc1 Re8 13. e3 Qd6 14. Nbd2 Nd7 15. Nxe4 dxe4 16. Ng5 Nf6 17. Qc2 Qd5 18. Nh3 Rac8 19. b4 Qd6 20. a3 Bd3 21. Qa4 Rc7 22. Nf4 Bc4 23. Rab1 b5 24. Qa6 Rb8 25. a4 h6 26. axb5 Rb6 27. Qa1 Bd5 28. bxc6 Bxc6 29. Rc5 Re7 30. Rbc1 Bb7 31. Qa4 a6 32. Qa5 Re8 33. Bf1 Rb8 34. Bc4 Kf8 35. Ba2 g5 36. Ne2 Bc6 37. Nc3 Kg7 38. Rc2 Rxb4 39. Qxa6 R4b6 40. Qc4 Be8 41. Rc7 R6b7 42. Nd1 Qa3 43. Rxb7 Rxb7 44. Nc3 Ra7 45. d5 Ba4 46. Nxa4 Rxa4 47. Qb3 Qxb3 48. Bxb3 Ra1+ 49. Kg2 Rd1 50. Ra2 Rd3 51. Bc4 Rc3 52. Ra4 Rc2 53. h3 g4 54. h4 Rb2 55. Ra7 Rb6 56. Re7 h5 57. Kf1 Rb1+ 58. Ke2 Rb4 59. Rc7 Ne8 60. Rc6 Nd6 61. Ba6 Rb2+ 62. Kd1 Nf5 63. d6 Rb8 64. d7 Rd8 65. Rc7 Nd6 66. Kc2 Kf6 67. Bc8 1-0

[Event "IECC KO email"]
[Site "IECC email"]
[Date "2003.02.11"]
[Round "?"]
[White "Williams, Derek"]
[Black "Burlant, Richard"]
[Result "0-1"]
[WhiteElo "1679"]
[BlackElo "2097"]
[PlyCount "64"]
[EventDate "2003.??.??"]
[EventType "tourn (corr)"]
[EventRounds "6"]
[SourceTitle "Corr 2008"]
[Source "ChessBase"]
[SourceDate "2008.06.24"]
[SourceVersion "1"]
[SourceVersionDate "2008.06.24"]
[SourceQuality "1"]

1. e4 c5 2. Bc4 e6 3. Nc3 Nc6 4. d3 Nf6 5. Bg5 Be7 6. Nf3 0-0 7. 0-0 h6 8. Bf4 d5 9. Bb3 a6 10. Ne5 Nxe5 11. Bxe5 d4 12. Ne2 Bd6 13. Bxd6 Qxd6 14. f4 Ng4 15. Rf3 a5 16. c3 Ne3 17. Qd2 a4 18. Bc4 Rd8 19. cxd4 cxd4 20. Rc1 Bd7 21. a3 Rac8 22. Nxd4 Qxd4 23. Rxe3 Rc7 24. Kf2 Rdc8 25. Qc3 Qa7 26. b4 axb3 27. Qxb3 b5 28. g3 bxc4 29. dxc4 Ba4 30. Qb4 Rb8 31. Qd2 Rd7 32. Qe2 Rbd8 0-1

[Event "IECC CL2-2003.06 email"]
[Site "IECC email"]
[Date "2003.02.06"]
[Round "?"]
[White "Futida, Souitiro"]
[Black "Burlant, Richard"]
[Result "1-0"]
[WhiteElo "2094"]
[BlackElo "2118"]
[PlyCount "47"]
[EventDate "2003.??.??"]
[EventType "tourn (corr)"]
[EventRounds "4"]
[SourceTitle "Corr 2008"]
[Source "ChessBase"]
[SourceDate "2008.06.24"]
[SourceVersion "1"]
[SourceVersionDate "2008.06.24"]
[SourceQuality "1"]

1. d4 d6 2. e4 Nf6 3. Nc3 g6 4. Be3 c6 5. Qd2 Bg7 6. f3 b5 7. g4 Qa5 8. g5 Nfd7 9. a3 Nb6 10. h4 N8d7 11. b4 Qa6 12. h5 Rg8 13. a4 Nc4 14. Bxc4 bxc4 15. Nge2 Qb7 16. b5 gxh5 17. bxc6 Qxc6 18. Rxh5 Nf8 19. d5 Qc7 20. Nb5 Qb8 21. Bd4 Bxd4 22. Nbxd4 Qb2 23. Qc3 h6 24. Qxb2 1-0

[Event "IECC TH-M email"]
[Site "IECC email"]
[Date "2003.01.19"]
[Round "?"]
[White "Nagley, Tim"]
[Black "Burlant, Richard"]
[Result "1-0"]
[WhiteElo "2130"]
[BlackElo "2143"]
[PlyCount "117"]
[EventDate "2003.??.??"]
[EventType "match (corr)"]
[EventRounds "2"]
[SourceTitle "Corr 2008"]
[Source "ChessBase"]
[SourceDate "2008.06.24"]
[SourceVersion "1"]
[SourceVersionDate "2008.06.24"]
[SourceQuality "1"]

1. d4 Nf6 2. Bg5 e6 3. Nf3 c5 4. e3 Be7 5. Nbd2 d5 6. c3 Nbd7 7. Bd3 b6 8. 0-0 0-0 9. Ne5 Bb7 10. Qa4 c4 11. Nxd7 Nxd7 12. Bxe7 Qxe7 13. Be2 Rfc8 14. Rfe1 Nf6 15. Qc2 b5 16. b3 a6 17. a4 cxb3 18. Qxb3 Bc6 19. axb5 axb5 20. Bd3 Qc7 21. Rxa8 Rxa8 22. Rb1 h6 23. Qb2 Rc8 24. Ra1 Bd7 25. Rc1 e5 26. Nb3 e4 27. Be2 Bc6 28. Nc5 Ra8 29. Ra1 Qc8 30. Qb1 Qd8 31. Na6 Qc8 32. Nb4 Bd7 33. Qb2 Ra4 34. h3 Qa8 35. Rb1 Ne8 36. Bd1 Be6 37. Bxa4 bxa4 38. Ra1 Nf6 39. Qe2 Bd7 40. Qa6 Qb8 41. Qa5 Qb5 42. Qxb5 Bxb5 43. f3 exf3 44. gxf3 Kf8 45. Re1 Bd7 46. h4 Bb5 47. Kf2 Bc4 48. e4 g5 49. hxg5 hxg5 50. Ke3 dxe4 51. fxe4 Ng4+ 52. Kf3 Nh2+ 53. Kg2 Ng4 54. Ra1 Bb3 55. Kf3 Nh6 56. Nd3 f5 57. Nc5 fxe4+ 58. Kxe4 Bc2+ 59. Kd5 1-0

[Event "IECC KO email"]
[Site "IECC email"]
[Date "2002.12.13"]
[Round "?"]
[White "Hoefer, Hans Peter"]
[Black "Burlant, Richard"]
[Result "1-0"]
[WhiteElo "2009"]
[BlackElo "2134"]
[PlyCount "57"]
[EventDate "2002.??.??"]
[EventType "tourn (corr)"]
[EventRounds "6"]
[SourceTitle "Corr 2008"]
[Source "ChessBase"]
[SourceDate "2008.06.24"]
[SourceVersion "1"]
[SourceVersionDate "2008.06.24"]
[SourceQuality "1"]

1. e4 c5 2. Nf3 e6 3. d4 cxd4 4. Nxd4 Nc6 5. Nc3 Nf6 6. Ndb5 Bb4 7. a3 Bxc3+ 8. Nxc3 d5 9. Bd3 d4 10. Ne2 e5 11. 0-0 Be6 12. f4 Rc8 13. f5 Bd7 14. Bg5 0-0 15. Qe1 h6 16. Bh4 Qe7 17. Rd1 Qd6 18. c3 Ng4 19. Rf3 dxc3 20. bxc3 Nd8 21. Kh1 Ba4 22. Rd2 Kh7 23. f6 Nxf6 24. Bxf6 gxf6 25. Bc2 Qc6 26. Bxa4 Qxa4 27. Qh4 Rc6 28. Rfd3 Qb5 29. Qh5 1-0

[Event "IECC CL2-2002.30"]
[Site "IECC email"]
[Date "2002.11.29"]
[Round "?"]
[White "Burlant, Richard"]
[Black "Castillo, German"]
[Result "1/2-1/2"]
[WhiteElo "2132"]
[BlackElo "2043"]
[PlyCount "117"]
[EventDate "2002.??.??"]
[EventType "tourn (corr)"]
[EventRounds "4"]
[SourceTitle "Corr 2008"]
[Source "ChessBase"]
[SourceDate "2008.06.24"]
[SourceVersion "1"]
[SourceVersionDate "2008.06.24"]
[SourceQuality "1"]

1. d4 Nf6 2. c4 e6 3. Nf3 d5 4. Nc3 Be7 5. Bg5 0-0 6. e3 h6 7. Bh4 b6 8. Rc1 Bb7 9. Bxf6 Bxf6 10. cxd5 exd5 11. Be2 Re8 12. 0-0 c6 13. b4 Nd7 14. Qb3 Nf8 15. Rfd1 Ne6 16. Bd3 a5 17. bxa5 Rxa5 18. Rb1 c5 19. Qxb6 Ba8 20. Qxd8 Rxd8 21. Bf5 Ra3 22. Nb5 Rxa2 23. Bxe6 fxe6 24. dxc5 e5 25. Ra1 Rxa1 26. Rxa1 d4 27. Nd2 dxe3 28. fxe3 Bg5 29. Nc4 Bd5 30. Nbd6 Bxc4 31. Nxc4 Rc8 32. Ra5 Be7 33. Kf2 Bxc5 34. Nxe5 Bd6 35. h4 Bxe5 36. Rxe5 Kf7 37. g4 Rc6 38. Kf3 Kf6 39. Rf5+ Ke6 40. h5 Rc1 41. Ra5 Rc4 42. Ra7 Kf6 43. Ra6+ Ke5 44. Rb6 Rc1 45. Rb7 Kf6 46. Kf4 g5+ 47. Ke4 Rc4+ 48. Kd5 Rxg4 49. e4 Rg1 50. e5+ Kf5 51. Rf7+ Kg4 52. Rf6 Kxh5 53. e6 Re1 54. Rf5 Kg6 55. Re5 Ra1 56. Re3 Ra5+ 57. Kc6 Ra8 58. Kd7 Ra7+ 59. Kd6 1/2-1/2

[Event "IECC CL2-2002.30"]
[Site "IECC email"]
[Date "2002.11.29"]
[Round "?"]
[White "Oortwijn, Ron A"]
[Black "Burlant, Richard"]
[Result "1-0"]
[WhiteElo "2197"]
[BlackElo "2173"]
[PlyCount "53"]
[EventDate "2002.??.??"]
[EventType "tourn (corr)"]
[EventRounds "4"]
[SourceTitle "Corr 2008"]
[Source "ChessBase"]
[SourceDate "2008.06.24"]
[SourceVersion "1"]
[SourceVersionDate "2008.06.24"]
[SourceQuality "1"]

1. e4 c5 2. Nf3 d6 3. d4 cxd4 4. Nxd4 Nf6 5. Nc3 a6 6. Bg5 e6 7. f4 Be7 8. Qf3 Qc7 9. 0-0-0 Nbd7 10. g4 b5 11. Bxf6 Nxf6 12. g5 Nd7 13. f5 Nc5 14. f6 gxf6 15. gxf6 Bf8 16. Rg1 b4 17. Nd5 exd5 18. exd5 Nd7 19. Nc6 Bb7 20. Bh3 Ne5 21. Rge1 b3 22. axb3 Rg8 23. Qe4 Bxc6 24. dxc6 Rg6 25. Bd7+ Kd8 26. Bf5 Ke8 27. Bxg6 1-0

[Event "IECC CL2-2002.27"]
[Site "IECC email"]
[Date "2002.10.03"]
[Round "?"]
[White "Burlant, Richard"]
[Black "Muller, Henry"]
[Result "1/2-1/2"]
[WhiteElo "2185"]
[BlackElo "2052"]
[PlyCount "38"]
[EventDate "2002.??.??"]
[EventType "tourn (corr)"]
[EventRounds "4"]
[SourceTitle "Corr 2008"]
[Source "ChessBase"]
[SourceDate "2008.06.24"]
[SourceVersion "1"]
[SourceVersionDate "2008.06.24"]
[SourceQuality "1"]

1. d4 Nf6 2. Nf3 e6 3. c4 d5 4. Nc3 Nbd7 5. Bg5 c6 6. cxd5 exd5 7. e3 Be7 8. Bd3 0-0 9. Qc2 Re8 10. 0-0 Nf8 11. h3 Be6 12. Rfe1 Rc8 13. Rac1 h6 14. Bf4 N8d7 15. Bg3 Nb6 16. a3 Nc4 17. Bh4 Nd6 18. Qa4 a6 19. Qc2 Nfe4 1/2-1/2

[Event "IECC CL2-2002.27"]
[Site "IECC email"]
[Date "2002.10.03"]
[Round "?"]
[White "Moryc, Ignacy"]
[Black "Burlant, Richard"]
[Result "1/2-1/2"]
[WhiteElo "2112"]
[BlackElo "2187"]
[PlyCount "51"]
[EventDate "2002.??.??"]
[EventType "tourn (corr)"]
[EventRounds "4"]
[SourceTitle "Corr 2008"]
[Source "ChessBase"]
[SourceDate "2008.06.24"]
[SourceVersion "1"]
[SourceVersionDate "2008.06.24"]
[SourceQuality "1"]

1. e4 c5 2. Nf3 Nc6 3. Bb5 e6 4. 0-0 Nge7 5. Nc3 Nd4 6. Nxd4 cxd4 7. Ne2 a6 8. Ba4 b5 9. Bb3 d3 10. cxd3 Bb7 11. a4 b4 12. Bc2 d5 13. b3 Nc6 14. Bb2 d4 15. f4 Bd6 16. Ng3 g5 17. e5 gxf4 18. exd6 fxg3 19. Rxf7 gxh2+ 20. Kh1 Kxf7 21. Qh5+ Kg7 22. Qg4+ Kh6 23. Qxe6+ Kg5 24. Qd5+ Kg6 25. Qe4+ Kg7 26. Qg4+ 1/2-1/2

[Event "IECC CL2-2002.18"]
[Site "IECC email"]
[Date "2002.06.09"]
[Round "?"]
[White "Burlant, Richard"]
[Black "Turko, Sergey Ivanovich"]
[Result "1/2-1/2"]
[WhiteElo "2196"]
[BlackElo "1990"]
[PlyCount "119"]
[EventDate "2002.??.??"]
[EventType "tourn (corr)"]
[EventRounds "4"]
[SourceTitle "Corr 2008"]
[Source "ChessBase"]
[SourceDate "2008.06.24"]
[SourceVersion "1"]
[SourceVersionDate "2008.06.24"]
[SourceQuality "1"]

1. d4 d5 2. c4 dxc4 3. Nf3 Nf6 4. e3 e6 5. Bxc4 c5 6. 0-0 a6 7. dxc5 Qxd1 8. Rxd1 Bxc5 9. a3 b5 10. Be2 0-0 11. b4 Be7 12. Ne5 Bb7 13. Bb2 Rc8 14. Nc3 Nc6 15. Nd3 Rc7 16. Rac1 Rac8 17. Bf3 Nd8 18. Bxb7 Nxb7 19. e4 h6 20. f3 Nd7 21. a4 bxa4 22. Nxa4 Bd6 23. f4 a5 24. b5 Rxc1 25. Rxc1 Rxc1+ 26. Bxc1 e5 27. g3 exf4 28. gxf4 f6 29. Kf2 g5 30. Kf3 Kf7 31. Be3 Bxf4 32. Nxf4 Ne5+ 33. Kg2 gxf4 34. Bxf4 Kg6 35. b6 Nc6 36. Kf3 h5 37. Ke3 f5 38. Bg3 Kf6 39. exf5 Kxf5 40. Kd3 Ke6 41. Kc4 Kd7 42. Nb2 Nb4 43. Kb5 Nd5 44. Be1 Nd6+ 45. Ka6 Kc6 46. Bf2 Nb7 47. Nc4 Nb4+ 48. Ka7 Nd3 49. Bd4 a4 50. Nb2 Nxb2 51. Bxb2 Nd6 52. Ka6 Nb7 53. Bc1 Nc5+ 54. Ka7 Nb7 55. h4 Nd6 56. Ka6 Nb7 57. Ba3 Nd8 58. Bb4 Nb7 59. Bf8 Nd8 60. Be7 1/2-1/2

[Event "IECC KO email"]
[Site "IECC email"]
[Date "2002.06.02"]
[Round "?"]
[White "Cashon, John J"]
[Black "Burlant, Richard"]
[Result "0-1"]
[WhiteElo "1784"]
[BlackElo "2195"]
[PlyCount "110"]
[EventDate "2002.??.??"]
[EventType "tourn (corr)"]
[EventRounds "6"]
[SourceTitle "Corr 2008"]
[Source "ChessBase"]
[SourceDate "2008.06.24"]
[SourceVersion "1"]
[SourceVersionDate "2008.06.24"]
[SourceQuality "1"]

1. e4 c5 2. Nf3 Nc6 3. d4 cxd4 4. Nxd4 e6 5. Nc3 Qc7 6. Be3 a6 7. Be2 Nf6 8. 0-0 Bb4 9. Nxc6 bxc6 10. f4 Bxc3 11. bxc3 Nxe4 12. Qd4 Nf6 13. Rad1 d5 14. c4 0-0 15. Bf3 a5 16. cxd5 exd5 17. Qe5 Qxe5 18. fxe5 Nd7 19. Bd4 Rb8 20. Bg4 Nb6 21. Be2 Na4 22. Rb1 Be6 23. Ba1 Nc5 24. Rbd1 Rb4 25. Rd4 Nd7 26. a3 Rxd4 27. Bxd4 c5 28. Ba1 Rb8 29. a4 d4 30. c3 d3 31. Bxd3 c4 32. Bc2 Nxe5 33. Re1 f6 34. h3 Bd7 35. Kh2 Be8 36. Kg3 Bg6 37. Bxg6 Nxg6 38. Kf3 Kf7 39. Ke3 Re8+ 40. Kf2 Rxe1 41. Kxe1 Nf4 42. Kf2 Ke6 43. Kf3 Ke5 44. Bb2 Nd5 45. g3 Nb6 46. Ke3 Nxa4 47. Ba3 Kd5 48. Kd2 Nc5 49. Kc2 f5 50. Bc1 Nd3 51. Be3 Ke4 52. Bb6 Kf3 53. Bc7 g5 54. Kb1 f4 55. gxf4 gxf4 0-1

[Event "IECC CL2-2002.06"]
[Site "IECC email"]
[Date "2002.02.23"]
[Round "?"]
[White "Futida, Souitiro"]
[Black "Burlant, Richard"]
[Result "1/2-1/2"]
[WhiteElo "2017"]
[BlackElo "2159"]
[PlyCount "89"]
[EventDate "2002.??.??"]
[EventType "tourn (corr)"]
[EventRounds "4"]
[SourceTitle "Corr 2008"]
[Source "ChessBase"]
[SourceDate "2008.06.24"]
[SourceVersion "1"]
[SourceVersionDate "2008.06.24"]
[SourceQuality "1"]

1. d4 Nf6 2. c4 e6 3. Nf3 b6 4. a3 Bb7 5. Nc3 d5 6. cxd5 Nxd5 7. Qc2 Nxc3 8. Qxc3 Nd7 9. Bg5 f6 10. Bh4 Rc8 11. e3 g5 12. Bg3 h5 13. d5 exd5 14. Nxg5 h4 15. Bf4 Qe7 16. Nf3 c5 17. Qc2 d4 18. Rd1 Bh6 19. Qg6+ Qf7 20. Qxf7+ Kxf7 21. Bc4+ Ke8 22. Bxh6 Rxh6 23. exd4 cxd4 24. Bb5 h3 25. Rg1 hxg2 26. Nxd4 Rh7 27. f3 Rxh2 28. Kf2 Rc5 29. Ne6 Rxb5 30. Nc7+ Kf8 31. Nxb5 Ne5 32. Nd4 Rh3 33. Kxg2 Rxf3 34. Nxf3 Bxf3+ 35. Kg3 Bxd1 36. Rxd1 Nc4 37. Rd7 a5 38. Rb7 a4 39. Kg4 Ke8 40. Kh5 Nxb2 41. Rxb6 Nc4 42. Rb4 Nxa3 43. Rxa4 Nb5 44. Ra5 Nd4 45. Ra7 1/2-1/2

[Event "IECC CL2-2002.02"]
[Site "IECC email"]
[Date "2002.01.16"]
[Round "?"]
[White "Westin, Ake"]
[Black "Burlant, Richard"]
[Result "0-1"]
[WhiteElo "2058"]
[BlackElo "2154"]
[PlyCount "58"]
[EventDate "2002.??.??"]
[EventType "tourn (corr)"]
[EventRounds "4"]
[SourceTitle "Corr 2008"]
[Source "ChessBase"]
[SourceDate "2008.06.24"]
[SourceVersion "1"]
[SourceVersionDate "2008.06.24"]
[SourceQuality "1"]

1. d4 Nf6 2. c4 e6 3. Nc3 Bb4 4. a3 Bxc3+ 5. bxc3 c5 6. f3 Qa5 7. Bd2 d6 8. e4 Nbd7 9. Bd3 0-0 10. Ne2 Qc7 11. 0-0 b6 12. f4 cxd4 13. cxd4 e5 14. Kh1 exd4 15. Nxd4 Nc5 16. Qc2 Bb7 17. Nb5 Qc6 18. Nc3 Rae8 19. Rae1 Nfxe4 20. Bxe4 Nxe4 21. Nxe4 f5 22. Nf6+ Rxf6 23. Rxe8+ Qxe8 24. Re1 Be4 25. Re2 Rh6 26. Kg1 Kf8 27. Rxe4 Qxe4 28. Qxe4 fxe4 29. h3 Rh5 0-1

[Event "IECC CL2-2001.19"]
[Site "IECC email"]
[Date "2001.05.21"]
[Round "?"]
[White "Burlant, Richard"]
[Black "Sandford, Marlon"]
[Result "1-0"]
[WhiteElo "2159"]
[BlackElo "1838"]
[PlyCount "33"]
[EventDate "2001.??.??"]
[EventType "tourn (corr)"]
[EventRounds "4"]
[SourceTitle "Corr 2008"]
[Source "ChessBase"]
[SourceDate "2008.06.24"]
[SourceVersion "1"]
[SourceVersionDate "2008.06.24"]
[SourceQuality "1"]

1. d4 Nf6 2. c4 g6 3. Nc3 Bg7 4. e4 d6 5. Nf3 0-0 6. Be2 e5 7. 0-0 Nc6 8. d5 Ne7 9. Ne1 Nd7 10. Bg5 h6 11. Be3 f5 12. Nf3 Nf6 13. exf5 Nxf5 14. Bd3 c6 15. dxc6 bxc6 16. c5 Nxe3 17. fxe3 1-0

[Event "IECC CL1-2001.12"]
[Site "IECC email"]
[Date "2001.05.18"]
[Round "?"]
[White "Burlant, Richard"]
[Black "Peetoom, Frank F"]
[Result "1-0"]
[WhiteElo "2139"]
[BlackElo "2275"]
[PlyCount "77"]
[EventDate "2001.??.??"]
[EventType "tourn (corr)"]
[EventRounds "4"]
[SourceTitle "Corr 2008"]
[Source "ChessBase"]
[SourceDate "2008.06.24"]
[SourceVersion "1"]
[SourceVersionDate "2008.06.24"]
[SourceQuality "1"]

1. d4 d5 2. c4 c6 3. Nf3 Nf6 4. Nc3 a6 5. e3 b5 6. b3 Bg4 7. Be2 e6 8. 0-0 Nbd7 9. h3 Bh5 10. Bb2 Bd6 11. c5 Bc7 12. Ne5 Bxe2 13. Nxe2 Nxe5 14. dxe5 Ng8 15. Nd4 Ne7 16. Qg4 0-0 17. e4 a5 18. Rad1 Qe8 19. Nf3 a4 20. b4 Rd8 21. exd5 cxd5 22. Bc1 Nf5 23. Rfe1 Kh8 24. Nd4 Nxd4 25. Rxd4 Qd7 26. a3 Rc8 27. Bg5 Bd8 28. Bxd8 Qxd8 29. Re3 Qe7 30. Rg3 g6 31. Qe2 Rb8 32. Qe3 Rfc8 33. h4 Rc7 34. h5 Kg7 35. Rdg4 Rg8 36. Rh3 Kh8 37. Qh6 Qe8 38. Kf1 Rg7 39. Ke2 1-0